Statistiques concernant Plus grande ville côtière par pays

Cliquez ici pour prendre le quiz!

Statistiques générales

  • Ce quiz a été pris 7 762 fois
    (7 592 depuis la dernière actualisation)
  • Le résultat moyen est 11 sur 24

Statistiques - réponses

PaysVille côtière% Correct
FranceMarseille
99%
EspagneBarcelone
92%
BrésilRio de Janeiro
89%
ItalieRome
83%
Afrique du SudLe Cap
76%
ChineShanghai
72%
EgypteAlexandrie
67%
RussieSaint-Pétersbourg
63%
Royaume-UniLiverpool
60%
IndeMumbai
60%
CanadaVancouver
58%
UkraineOdessa
42%
CroatieSplit
42%
PologneGdansk
32%
Corée du SudBusan
26%
Arabie SaouditeDjeddah
26%
CamerounDouala
19%
AllemagneKiel
16%
MexiqueTijuana
13%
YémenAden
12%
BangladeshChittagong
11%
ColombieBarranquilla
10%
RoumanieConstanta
10%
République du CongoPointe-Noire
8%

Distribution des résultats

Percentile par nombre de réponses

% des personnes avec chaque résultat

Votre développement - résultats

Vous n’avez pas pris ce quiz depuis la dernière actualisation